000 00676nam a2200277Ia 4500
005 20260324142704.0
008 008 260324s9999 xx 000 0 eng d
020 _a9781315845302
037 _aEBOOK
040 _aCRL
040 _beng
040 _cCRL
041 _2eng
041 _aeng
084 _qCRL
100 _aAndrew Thorpe
_91212884
245 0 _aLongman Companion to Britain in the Era of the Two World Wars 1914-45, The
260 _bTaylor and Francis
260 _c1994
365 _a
365 _b230
856 _uhttp://www.taylorfrancis.com/books/9781315845302
942 _cEBOOK
999 _c1817344
_d1817344